00993nam a2200217 a 4500008004100000020001500041050001700056110006900073245013800142260004700280300001500327350000900342490004800351650001400399650004500413650004300458650001500501995010900516999001700625952013300642100930s1995 ||||||||||||||||| || u a0935018727 aTD 884.5 For aForest Products Society Conference (June, 1994: Portland, Maine)10aMeasuring and controlling volatile organic compound and particulate emissions from wood processing operations and wood-based products aMadison, WIbForest Products Societyc1995 a91p.: ill. a0.00 aForest Products Societyproceedings, no.7301 aPOLLUTION aORGANIC COMPOUNDS--ENVIRONMENTAL ASPECTS aWOOD PROCESSING--ENVIRONMENTAL ASPECTS aPOLLUTANTS D0.00FCBU-MAIN LIBRARY (Kitwe)H1I0.00M1UAVAILABLEWOct 13, 2010ZMain Library Open Access Collection c50845d50845 00102lcc4070a001b001cMain Library Open Access Collectiond2022-11-30l0oTD 884.5 Forp741753r2022-11-30w2022-11-30y002